Principles and practice of clinical research/ (Record no. 16094)
[ view plain ]
| 000 -LEADER | |
|---|---|
| fixed length control field | 00584nam a22001817a 4500 |
| 008 - FIXED-LENGTH DATA ELEMENTS--GENERAL INFORMATION | |
| fixed length control field | 160924b xxu||||| |||| 00| 0 eng d |
| 020 ## - INTERNATIONAL STANDARD BOOK NUMBER | |
| International Standard Book Number | 0123821676 |
| 040 ## - CATALOGING SOURCE | |
| Original cataloging agency | KABU |
| Transcribing agency | KABU |
| 050 ## - LIBRARY OF CONGRESS CALL NUMBER | |
| Classification number | R850 |
| Item number | .G35 2012 |
| 245 ## - TITLE STATEMENT | |
| Title | Principles and practice of clinical research/ |
| Statement of responsibility, etc. | edited by John I Gallin, Frederick P. Ognibene |
| 250 ## - EDITION STATEMENT | |
| Edition statement | 3rd ed. |
| 260 ## - PUBLICATION, DISTRIBUTION, ETC. (IMPRINT) | |
| Place of publication, distribution, etc. | Amsterdam |
| Name of publisher, distributor, etc. | Elsevier |
| Date of publication, distribution, etc. | 2012 |
| 300 ## - PHYSICAL DESCRIPTION | |
| Extent | xv, 780 p. |
| 650 ## - SUBJECT ADDED ENTRY--TOPICAL TERM | |
| Topical term or geographic name as entry element | Clinical medicine |
| General subdivision | Research |
| 700 ## - ADDED ENTRY--PERSONAL NAME | |
| Personal name | Gallin, John I. |
| 700 ## - ADDED ENTRY--PERSONAL NAME | |
| Personal name | Ognibene, Frederick P. |
| 942 ## - ADDED ENTRY ELEMENTS (KOHA) | |
| Source of classification or shelving scheme | Library of Congress Classification |
| Koha item type | General Collection |
| Classification part | R850 .G35 2012 c. 1 |
| Withdrawn status | Lost status | Source of classification or shelving scheme | Not for loan | Home library | Current library | Shelving location | Date acquired | Cost, normal purchase price | Total Checkouts | Full call number | Barcode | Date last seen | Copy number | Price effective from | Koha item type |
|---|---|---|---|---|---|---|---|---|---|---|---|---|---|---|---|
| Library of Congress Classification | Kabarak, Main Campus | Kabarak, Main Campus | General Stacks | 24/09/2016 | 19.00 | R850 .G35 2012 c. 1 | 026716 | 24/09/2016 | c. 1 | 24/09/2016 | General Collection | ||||
| Library of Congress Classification | Kabarak, Main Campus | Kabarak, Main Campus | General Stacks | 24/09/2016 | 19.00 | R850 .G35 2012 c. 2 | 026715 | 24/09/2016 | c. 2 | 24/09/2016 | General Collection | ||||
| Library of Congress Classification | Kabarak, Main Campus | Kabarak, Main Campus | General Stacks | 24/09/2016 | 19.00 | R850 .G35 2012 c. 3 | 026717 | 24/09/2016 | c. 3 | 24/09/2016 | General Collection | ||||
| Library of Congress Classification | Kabarak, Main Campus | Kabarak, Main Campus | General Stacks | 24/09/2016 | 19.00 | R850 .G35 2012 c. 4 | 026714 | 24/09/2016 | c. 4 | 24/09/2016 | General Collection | ||||
| Library of Congress Classification | Kabarak, Main Campus | Kabarak, Main Campus | General Stacks | 24/09/2016 | 19.00 | R850 .G35 2012 c. 5 | 026713 | 24/09/2016 | c. 5 | 24/09/2016 | General Collection |